| 000 | 00937nam a22002537a 4500 | ||
|---|---|---|---|
| 999 |
_c16578 _d16578 |
||
| 003 | AR-CdUCM | ||
| 008 | 190503b ||||| |||| 00| 0 spa d | ||
| 040 |
_aMUNICIPALIDAD PROVINCIAL DEL CUSCO _cBIBLIOTECA MUNICIPAL DEL CUSCO |
||
| 041 | _hger | ||
| 082 |
_a781.5 / _bSC29 |
||
| 100 |
_aScholz, Hans _936092 |
||
| 245 | _aCompendio de harmonía / | ||
| 260 |
_aBarcelona : _bLabor, _c1919. |
||
| 300 |
_a179 páginas ; _bpentagrama, _c18.5 cm. |
||
| 440 |
_aColección Labor / Novísima Biblioteca de Iniciación Cultural. _n15 _936093 |
||
| 505 | _aContenido: Concepto del acorde -- Consonancia y disonancia -- Tónica y dominante -- La Subdominante -- De la cadencia y su significación ... | ||
| 650 |
_aArmonía _914102 |
||
| 650 |
_aEstudio y enseñanza _92610 |
||
| 650 |
_aAcorde _936094 |
||
| 650 |
_aMúsica _91443 |
||
| 700 |
_aGerhard, Roberto (traducción) _936095 |
||
| 942 |
_2ddc _cLIBROS |
||
| 945 |
_aachl _d2019-05-03 |
||